[Event "Balatonlelle op-B"]
[Site "Balatonlelle"]
[Date "2006.06.20"]
[Round "4.5"]
[White "Munkacsy, Sandor"]
[Black "Zilahi, Gabor"]
[Result "0-1"]
[WhiteElo "1855"]
[BlackElo "2087"]
[PlyCount "58"]
[EventDate "2006.06.17"]
[EventType "swiss"]
[EventRounds "9"]
[EventCountry "HUN"]
[SourceTitle "EXT 2007"]
[Source "ChessBase"]
[SourceDate "2006.11.23"]
[SourceVersion "1"]
[SourceVersionDate "2006.11.23"]
[SourceQuality "1"]

1. Nf3 d5 2. d4 c6 3. Nc3 Bf5 4. e3 e6 5. Bd3 Nf6 6. Bxf5 exf5 7. 0-0 Bd6 8. g3 Nbd7 9. Nh4 g6 10. f3 Qc7 11. Bd2 0-0-0 12. Be1 Rde8 13. Qd3 Re6 14. Bf2 Nh5 15. Kg2 Rhe8 16. Rfe1 f4 17. exf4 Bxf4 18. Rxe6 Rxe6 19. Re1 Rxe1 20. Bxe1 Bg5 21. Qf1 Qb6 22. Qf2 Qxb2 23. f4 Bxh4 24. gxh4 f5 25. Kf3 Ndf6 26. a4 Ne4 27. Nxe4 dxe4+ 28. Kg2 Nf6 29. c4 Qb3 0-1

[Event "Balatonlelle op-B"]
[Site "Balatonlelle"]
[Date "2006.06.18"]
[Round "2.16"]
[White "Somogyi, Gabor"]
[Black "Munkacsy, Sandor"]
[Result "0-1"]
[WhiteElo "2006"]
[BlackElo "1855"]
[PlyCount "116"]
[EventDate "2006.06.17"]
[EventType "swiss"]
[EventRounds "9"]
[EventCountry "HUN"]
[SourceTitle "EXT 2007"]
[Source "ChessBase"]
[SourceDate "2006.11.23"]
[SourceVersion "1"]
[SourceVersionDate "2006.11.23"]
[SourceQuality "1"]

1. e4 d6 2. d4 Nf6 3. Nc3 g6 4. f4 Bg7 5. Nf3 0-0 6. h3 c6 7. Be3 b5 8. Bd3 b4 9. Ne2 Nbd7 10. Qd2 a5 11. Ng3 Qc7 12. f5 Ba6 13. Bxa6 Rxa6 14. Bh6 c5 15. Bxg7 Kxg7 16. fxg6 hxg6 17. d5 Rh8 18. 0-0 c4 19. Qg5 Kf8 20. Nd4 Qc5 21. c3 Ke8 22. Kh1 Kd8 23. Qf4 Ne5 24. Qg5 Kd7 25. Rxf6 exf6 26. Qxf6 Raa8 27. Nge2 Rae8 28. Nf4 Rhf8 29. Re1 Kc8 30. Rd1 Nd7 31. Qg7 Qb6 32. Re1 bxc3 33. bxc3 Ne5 34. Qf6 Nd7 35. Qg7 Qb2 36. Nf3 Ne5 37. Nxe5 dxe5 38. Qf6 exf4 39. Qa6+ Qb7 40. Qxc4+ Kb8 41. e5 g5 42. d6 Rc8 43. Qd4 f3 44. d7 fxg2+ 45. Kh2 Rcd8 46. Rd1 Ka8 47. c4 Rg8 48. Rd2 g4 49. h4 g1Q+ 50. Kxg1 Qb1+ 51. Kg2 Qb7+ 52. Kg1 Qa7 53. c5 Qa6 54. Qd6 Ka7 55. c6 Qb6+ 56. Kf1 g3 57. Kg2 Rg6 58. Qe7 Qxc6+ 0-1

[Event "Balatonlelle op-B"]
[Site "Balatonlelle "]
[Date "2005.06.22"]
[Round "5"]
[White "Haszon, David"]
[Black "Munkacsy, Sandor"]
[Result "0-1"]
[WhiteElo "1695"]
[BlackElo "1892"]
[PlyCount "104"]
[EventDate "2005.06.18"]
[EventType "swiss"]
[EventRounds "9"]
[EventCountry "HUN"]
[SourceTitle "EXT 2008"]
[Source "ChessBase"]
[SourceDate "2007.11.25"]
[SourceVersion "1"]
[SourceVersionDate "2007.11.25"]
[SourceQuality "1"]

1. e4 c5 2. Nf3 a6 3. Nc3 Nc6 4. d4 cxd4 5. Nxd4 e6 6. Be3 Nf6 7. Bd3 Ne5 8. 0-0 Nxd3 9. Qxd3 b5 10. e5 b4 11. Ne4 Nd5 12. Bg5 Qc7 13. f4 Bb7 14. Rae1 Bc5 15. Kh1 Rc8 16. Nb3 Bf8 17. Rf2 h6 18. Bh4 a5 19. Nd4 Qb6 20. Qb5 Bc5 21. Nd6+ Bxd6 22. Qxb6 Nxb6 23. exd6 0-0 24. Nb5 Rc5 25. Nc7 f6 26. f5 e5 27. Rd1 Kf7 28. b3 Rc8 29. Re2 Na8 30. Bf2 Rc6 31. Ba7 Nxc7 32. dxc7 R8xc7 33. Bb8 Rxc2 34. Bxc7 Rxe2 35. Bxa5 Bxg2+ 36. Kg1 Bc6 37. Bxb4 Rxa2 38. Bd2 Bf3 39. Rf1 e4 40. Rf2 Rb2 41. b4 d5 42. Bc3 Rb3 43. Be1 d4 44. h4 h5 45. Kh2 Bg4 46. Kg2 e3 47. Ra2 d3 48. Kf1 Bh3+ 49. Kg1 Rb1 50. Ra7+ Kg8 51. Rd7 Rxe1+ 52. Kh2 Bxf5 0-1

[Event "Balatonlelle op-B"]
[Site "Balatonlelle "]
[Date "2005.06.19"]
[Round "2"]
[White "Munkacsy, Sandor"]
[Black "Wolosz, Jakab"]
[Result "1-0"]
[WhiteElo "1892"]
[BlackElo "1505"]
[PlyCount "37"]
[EventDate "2005.06.18"]
[EventType "swiss"]
[EventRounds "9"]
[EventCountry "HUN"]
[SourceTitle "EXT 2008"]
[Source "ChessBase"]
[SourceDate "2007.11.25"]
[SourceVersion "1"]
[SourceVersionDate "2007.11.25"]
[SourceQuality "1"]

1. Nf3 Nf6 2. c4 c5 3. Nc3 Nc6 4. e4 e5 5. d3 Qc7 6. Bg5 Nd4 7. Be2 Be7 8. 0-0 b6 9. Nxd4 cxd4 10. Nb5 Qc6 11. a4 a6 12. Na3 a5 13. f4 d6 14. f5 0-0 15. Rf3 g6 16. Rg3 Rd8 17. Qf1 Rd7 18. fxg6 Nxe4 19. Qxf7+ 1-0